[Event "Kinross USSA (Women) op"]
[Site "Kinross"]
[Date "2018.07.05"]
[Round "7"]
[White "Engelbrecht, Liezl"]
[Black "Philander, Pharin"]
[Result "1-0"]
[WhiteElo "1520"]
[BlackElo "1104"]
[PlyCount "71"]
[EventDate "2018.07.02"]
[EventType "swiss"]
[EventRounds "9"]
[EventCountry "RSA"]
[SourceTitle "CBM 185 Extra"]
[Source "ChessBase"]
[SourceDate "2018.07.29"]
[SourceVersion "1"]
[SourceVersionDate "2018.07.29"]
[SourceQuality "1"]

1. d4 d5 2. c4 e6 3. Nc3 Nf6 4. Bg5 Be7 5. Nf3 0-0 6. e3 b6 7. cxd5 exd5 8. Bd3 h6 9. Bh4 Nbd7 10. 0-0 Bb7 11. Qc2 Rc8 12. Rfc1 c5 13. Bf5 Rc6 14. Qd2 Re8 15. Bxd7 Nxd7 16. Bxe7 Rxe7 17. Nxd5 Re8 18. Nf4 Rd6 19. Ne2 Bxf3 20. gxf3 Qg5+ 21. Kh1 cxd4 22. Nxd4 Qd5 23. Qb4 Rf6 24. Qc4 Qg5 25. Rg1 Qh4 26. Rg3 Ne5 27. Qb5 Re7 28. Rc1 Rd6 29. Nf5 Qf6 30. Nxe7+ Qxe7 31. Rc8+ Kh7 32. Re8 Qf6 33. Qxe5 Qxe5 34. Rxe5 Rd1+ 35. Kg2 Rd2 36. Re7 1-0